Op de grens: over student, kerk en universiteit
| Main Author: | |
|---|---|
| Format: | Print Book |
| Language: | Dutch |
| Subito Delivery Service: | Order now. |
| Check availability: | HBZ Gateway |
| WorldCat: | WorldCat |
| Interlibrary Loan: | Interlibrary Loan for the Fachinformationsdienste (Specialized Information Services in Germany) |
| Published: |
Goes
Oosterbaan & Le Cointre
1991
|
| In: |
Pastoraal perspectief (15)
Year: 1991 |
| Series/Journal: | Pastoraal perspectief
15 |
| Further subjects: | B
Church work
B Theological studies B Church office B Student |
MARC
| LEADER | 00000cam a2200000 c 4500 | ||
|---|---|---|---|
| 001 | 1095817205 | ||
| 003 | DE-627 | ||
| 005 | 20240429192125.0 | ||
| 007 | tu | ||
| 008 | 911001s1991 xx ||||| 00| ||dut c | ||
| 020 | |a 9060479475 |9 90-6047-947-5 | ||
| 035 | |a (DE-627)1095817205 | ||
| 035 | |a (DE-576)025817205 | ||
| 035 | |a (DE-599)BSZ025817205 | ||
| 035 | |a (OCoLC)65642461 | ||
| 040 | |a DE-627 |b ger |c DE-627 |e rakwb | ||
| 041 | |a dut | ||
| 084 | |a 1 |2 ssgn | ||
| 100 | 1 | |a Klapwijk, T. M. |4 aut | |
| 245 | 1 | 0 | |a Op de grens |b over student, kerk en universiteit |c T. M. Klapwijk |
| 264 | 1 | |a Goes |b Oosterbaan & Le Cointre |c 1991 | |
| 300 | |a 141 S. | ||
| 336 | |a Text |b txt |2 rdacontent | ||
| 337 | |a ohne Hilfsmittel zu benutzen |b n |2 rdamedia | ||
| 338 | |a Band |b nc |2 rdacarrier | ||
| 490 | 1 | |a Pastoraal perspectief |v 15 | |
| 583 | 1 | |a Archivierung prüfen |c 20200919 |f DE-640 |z 1 |2 pdager | |
| 583 | 1 | |a Archivierung/Langzeitarchivierung gewährleistet |f SSG |x XA-DE-BW |2 pdager |5 DE-21 | |
| 601 | |a Student | ||
| 650 | 0 | 7 | |0 (DE-588)4030826-1 |0 (DE-627)106268627 |0 (DE-576)208989110 |a Kirchliches Amt |2 gnd |
| 650 | 0 | 7 | |0 (DE-588)4185080-4 |0 (DE-627)105290076 |0 (DE-576)210029994 |a Theologiestudium |2 gnd |
| 650 | 0 | 7 | |0 (DE-588)4054151-4 |0 (DE-627)106163728 |0 (DE-576)209107650 |a Seelsorge |2 gnd |
| 650 | 0 | 7 | |0 (DE-588)4183826-9 |0 (DE-627)105299820 |0 (DE-576)210021411 |a Hochschulpastoral |2 gnd |
| 830 | 0 | |a Pastoraal perspectief |v 15 |9 15 |w (DE-627)1095817116 |w (DE-576)025817116 |7 am | |
| 935 | |a mteo | ||
| 951 | |a BO | ||
| CAN | |a 1 | ||
| ELC | |b 1 | ||
| ITA | |a 1 |t 1 | ||
| LOK | |0 000 xxxxxcx a22 zn 4500 | ||
| LOK | |0 001 2172711896 | ||
| LOK | |0 003 DE-627 | ||
| LOK | |0 004 1095817205 | ||
| LOK | |0 005 20100423101440 | ||
| LOK | |0 008 911001||||||||||||||||ger||||||| | ||
| LOK | |0 040 |a DE-21 |c DE-627 |d DE-21 | ||
| LOK | |0 852 |a DE-21 | ||
| LOK | |0 852 1 |c 31 A 15310 |9 00 | ||
| LOK | |0 935 |a theo |a sepp | ||
| LOK | |0 936ln |a t7.1 | ||
| LOK | |0 939 |a 01-10-91 |b l01 | ||
| ORI | |a SA-MARC-ixtheoa001.raw | ||
| STA | 0 | 0 | |a Church office,Office,Church work,Student,University,College,Church work with students,Theological studies,Theology,Study of theology |
| STB | 0 | 0 | |a Aumônerie étudiante,Pastorale étudiante,Pastorale étudiante,Pastorale des étudiants,Ministère ecclésiastique,Ministère pastoral,Études de théologie |
| STC | 0 | 0 | |a Estudio de teología,Ministerio eclesial,eclesiástico,eclesiástico,Pastoral,Pastoral universitaria |
| STD | 0 | 0 | |a Ministero ecclesiastico,Pastorale universitaria,Pastorale,Cura d'anime,Cura d'anime,Studio universitario della teologia,Formazione teologica universitaria,Formazione teologica universitaria |
| STE | 0 | 0 | |a 学生,心灵关顾,心灵治疗,教会职位,教会职务,神学研究 |
| STF | 0 | 0 | |a 學生,心靈關顧,心靈治療,教會職位,教會職務,神學研究 |
| STG | 0 | 0 | |a Estudo de teologia,Ministério eclesial,eclesiástico,eclesiástico,Pastoral,Pastoral universitária |
| STH | 0 | 0 | |a Изучение богословия (в вузе),Психологическая помощь священника,Душепопечение,Религиозная работа в вузе,Церковная должность |
| STI | 0 | 0 | |a Εκκλησιαστικό αξίωμα,Θεολογικές σπουδές,Πανεπιστημιακή ποιμαντική,Φροντίδα για τη σωτηρία της ψυχής,Ποιμαντική φροντίδα |
| SUB | |a CAN | ||
| SYE | 0 | 0 | |a Amt,Kirchenamt , Theologie , Pastoraler Dienst , Studentenseelsorge,Hochschulseelsorge,Studierendenseelsorge,Universitätsseelsorge,Student,Hochschule |